MAXWELL ON THE INTERPRETATION OF STATUTES (Record no. 9646)

MARC details
000 -LEADER
fixed length control field 00325nam a22001457a 4500
020 ## - INTERNATIONAL STANDARD BOOK NUMBER
International Standard Book Number 9788180380198
082 ## - DEWEY DECIMAL CLASSIFICATION NUMBER
Classification number 340.14,LAN
100 ## - MAIN ENTRY--PERSONAL NAME
Personal name LANGAN, P
245 ## - TITLE STATEMENT
Title MAXWELL ON THE INTERPRETATION OF STATUTES
250 ## - EDITION STATEMENT
Edition statement 12TH
260 ## - PUBLICATION, DISTRIBUTION, ETC. (IMPRINT)
Place of publication, distribution, etc GURGAON
Name of publisher, distributor, etc LEXIS NEXIS
Year of Publication 2013
300 ## - PAGE DESCRIPTION
No. of Pages 391
650 ## - SUBJECT ADDED ENTRY--TOPICAL TERM
Topical term or geographic name as entry element LAW
942 ## - ADDED ENTRY ELEMENTS (KOHA)
Source of classification or shelving scheme Dewey Decimal Classification
Koha item type Books
942 ## - ADDED ENTRY ELEMENTS (KOHA)
-- 5
Holdings
Withdrawn status Lost status Source of classification or shelving scheme Damaged status Not for loan Collection code Home library Current library Shelving location Date acquired Vendor Name Cost, normal purchase price SGTU Bill Number Total Checkouts Total Renewals Full call number Accession No. (Barcode) Date last seen Date last borrowed Bill Date Koha item type
    Dewey Decimal Classification     LAW SGT Science & Social Sciences Library SGT Science & Social Sciences Library Text Book 26/07/2016 SATYAM BOOKS 495.00 SGTU 986 5 2 340.14,LAN FL228 13/05/2025 13/05/2025 22/01/2014 Books
    Dewey Decimal Classification     LAW SGT Science & Social Sciences Library SGT Science & Social Sciences Library Text Book 26/07/2016 SATYAM BOOKS 495.00 SGTU 986 4   340.14,LAN FL229 20/06/2025 04/02/2025 22/01/2014 Books
    Dewey Decimal Classification     LAW SGT Science & Social Sciences Library SGT Science & Social Sciences Library Text Book 26/07/2016 SATYAM BOOKS 495.00 SGTU 986 5   340.14,LAN FL230 24/01/2020 17/01/2020 22/01/2014 Books
    Dewey Decimal Classification   Not For Loan LAW SGT Science & Social Sciences Library SGT Science & Social Sciences Library Reference Book 26/07/2016 SATYAM BOOKS 495.00 SGTU 986     340.14,LAN FL231 26/07/2016   22/01/2014 Books
    Dewey Decimal Classification     LAW SGT Science & Social Sciences Library SGT Science & Social Sciences Library Text Book 26/07/2016 SATYAM BOOKS 495.00 SGTU 986 5   340.14,LAN FL232 14/03/2024 01/03/2024 22/01/2014 Books